[Event "4NCL Division Four"]
[Site "Telford, ENG"]
[Date "2023.11.19"]
[Round "2.82"]
[White "Rosenbach, Martin"]
[Black "Shek, Daniel"]
[Result "1/2-1/2"]
[WhiteElo "1897"]
[BlackElo "1633"]
[PlyCount "47"]
[EventDate "2023.11.19"]
[WhiteTeam "Iceni 2"]
[BlackTeam "Crowthorne B"]

1. c4 c5 2. g3 g6 3. Bg2 Bg7 4. Nc3 Nc6 5. e3 e5 6. Nge2 Nge7 7. O-O O-O 8. a3
d6 9. Rb1 Be6 10. Nd5 f5 11. b4 cxb4 12. axb4 Bxd5 13. cxd5 Nb8 14. d3 Nd7 15.
e4 Nb6 16. f4 Rc8 17. fxe5 dxe5 18. Qb3 Kh8 19. Be3 fxe4 20. Rxf8+ Bxf8 21.
dxe4 Nc4 22. Rc1 Nxe3 23. Qxe3 Rxc1+ 24. Nxc1 1/2-1/2

[Event "4NCL Division Four"]
[Site "Telford, ENG"]
[Date "2023.11.19"]
[Round "2.83"]
[White "Leadbetter, Scott"]
[Black "Kenning, Paul H"]
[Result "1-0"]
[WhiteElo "1573"]
[BlackElo "1831"]
[PlyCount "47"]
[EventDate "2023.11.19"]
[WhiteTeam "Crowthorne B"]
[BlackTeam "Iceni 2"]

1. e4 d6 2. d4 Nf6 3. Nc3 Nbd7 4. Nf3 e5 5. a4 a5 6. Bc4 Be7 7. O-O c6 8. Re1
Qc7 9. h3 h6 10. Nh4 Nxe4 11. Rxe4 d5 12. Bxd5 cxd5 13. Nxd5 Qc6 14. dxe5 Nc5
15. Rd4 Be6 16. Nxe7 Kxe7 17. b3 Rhd8 18. Ba3 b6 19. Qf3 Qc8 20. Rxd8 Kxd8 21.
Rd1+ Ke8 22. Bxc5 bxc5 23. Rd6 Ra7 24. Qc6+ 1-0

[Event "4NCL Division Four"]
[Site "Telford, ENG"]
[Date "2023.11.19"]
[Round "2.84"]
[White "Latypov, Egor"]
[Black "Haslehurst, Harriet"]
[Result "0-1"]
[WhiteElo "1809"]
[BlackElo "1524"]
[PlyCount "109"]
[EventDate "2023.11.19"]
[WhiteTeam "Iceni 2"]
[BlackTeam "Crowthorne B"]

1. d4 d5 2. c4 e6 3. Nf3 Nf6 4. Nc3 c5 5. e3 Nc6 6. a3 a6 7. dxc5 Bxc5 8. b4 d4
9. Na4 Ba7 10. c5 dxe3 11. Qxd8+ Nxd8 12. fxe3 O-O 13. Bb2 Bd7 14. Bxf6 Bxa4
15. Be7 Re8 16. Bd6 f6 17. Nd4 Nf7 18. Bc7 Rac8 19. Ba5 e5 20. Nf3 Nd8 21. Bc4+
Kf8 22. Bd5 Nc6 23. Bxc6 Rxc6 24. Kf2 Re7 25. Ra2 Rd7 26. Rd2 Rxd2+ 27. Nxd2 b6
28. Bxb6 Bxb6 29. cxb6 Rxb6 30. Rc1 Rd6 31. Ne4 Rd3 32. Rc3 Rxc3 33. Nxc3 Bb3
34. Ke2 Ke7 35. Ne4 Bc4+ 36. Kd2 Kd7 37. Kc3 Bf1 38. g3 Kc6 39. Nc5 Kd5 40. a4
f5 41. h4 g6 42. Nb3 h6 43. Nc5 g5 44. hxg5 hxg5 45. Nb3 f4 46. e4+ Kd6 47. Nd2
fxg3 48. Nf3 g4 49. Ng1 g2 50. Kd2 Ke6 51. Ke3 Kf6 52. Kf2 Kg6 53. b5 axb5 54.
axb5 Bxb5 55. Kxg2 0-1

[Event "4NCL Division Four"]
[Site "Telford, ENG"]
[Date "2023.11.19"]
[Round "2.85"]
[White "McKean, Matthew"]
[Black "Kilbane, Archie"]
[Result "1-0"]
[WhiteElo "1506"]
[BlackElo "1429"]
[PlyCount "47"]
[EventDate "2023.11.19"]
[WhiteTeam "Crowthorne B"]
[BlackTeam "Iceni 2"]

1. c4 e5 2. Nc3 Nf6 3. g3 Bc5 4. e3 Nc6 5. Bg2 a6 6. Nge2 O-O 7. O-O Re8 8. d4
exd4 9. exd4 Ba7 10. h3 d5 11. cxd5 Nb4 12. Qb3 Nbxd5 13. Re1 Be6 14. Bg5 Nf4
15. d5 Nd3 16. dxe6 Rxe6 17. Rf1 Qd6 18. Rad1 Rd8 19. Nf4 Nxf2 20. Rxd6 N2g4+
21. Kh1 Re1 22. Rxf6 Nf2+ 23. Kh2 Rxf1 24. Qxf7+ 1-0

[Event "4NCL Division Four"]
[Site "Telford, ENG"]
[Date "2023.11.19"]
[Round "2.86"]
[White "Rosenbach, Philip"]
[Black "Coates, Christine"]
[Result "1/2-1/2"]
[WhiteElo "1154"]
[BlackElo "1297"]
[PlyCount "61"]
[EventDate "2023.11.19"]
[WhiteTeam "Iceni 2"]
[BlackTeam "Crowthorne B"]

1. c4 c6 2. g3 e6 3. Bg2 Be7 4. Nc3 Nf6 5. d4 d5 6. b3 O-O 7. Nf3 Nbd7 8. Bf4
Bb4 9. Qc2 Ne4 10. Bd2 Nxd2 11. Qxd2 Nf6 12. Ng5 h6 13. a3 Bxc3 14. Qxc3 hxg5
15. O-O Nh7 16. e4 dxc4 17. bxc4 Rb8 18. e5 f6 19. Be4 f5 20. Bc2 g4 21. f4 b6
22. Rab1 Ba6 23. a4 Qc8 24. Rb3 b5 25. Rfb1 Qd7 26. Bd3 Rfd8 27. cxb5 Qxd4+ 28.
Qxd4 Rxd4 29. bxa6 Rxb3 30. Rxb3 Rxa4 31. Rc3 1/2-1/2

[Event "4NCL Division Four"]
[Site "Telford, ENG"]
[Date "2023.11.19"]
[Round "2.91"]
[White "Staples, Neil"]
[Black "Chapman, Chas"]
[Result "0-1"]
[WhiteElo "1768"]
[BlackElo "1524"]
[PlyCount "122"]
[EventDate "2023.11.19"]
[WhiteTeam "Oxford 3"]
[BlackTeam "War and Piece B"]

1. c4 d5 2. cxd5 Qxd5 3. Nc3 Qd8 4. g3 g6 5. Bg2 Bg7 6. Nf3 Nf6 7. O-O O-O 8.
d4 e6 9. Bf4 Nd5 10. Nxd5 exd5 11. Rc1 c6 12. Qd2 Re8 13. Rfe1 Bf5 14. Qb4 Qb6
15. Qxb6 axb6 16. a3 Nd7 17. Bd2 Ra4 18. e3 b5 19. Nh4 Be6 20. Bf3 Bf8 21. Bd1
Ra6 22. Ng2 Bg7 23. Nf4 Bf5 24. g4 Be6 25. Bc3 Nf6 26. Nxe6 Rxe6 27. h3 Ne4 28.
Bb4 Bf8 29. Bxf8 Kxf8 30. Bf3 Nd2 31. Be2 Nc4 32. Rc2 Ke7 33. Bd3 b6 34. Rec1
Kd7 35. Kg2 Rf6 36. g5 Re6 37. h4 f6 38. Rh1 f5 39. h5 Re7 40. hxg6 hxg6 41.
Rh6 Rg7 42. Rxg6 Rxg6 43. Bxf5+ Re6 44. g6 Ra8 45. Rc1 Rg8 46. Rh1 Rgxg6+ 47.
Bxg6 Rxg6+ 48. Kf1 Nxb2 49. Rh7+ Kc8 50. Rh8+ Kb7 51. Rh7+ Ka6 52. Rc7 Nc4 53.
Rc8 Kb7 54. Rf8 Nxa3 55. Ke2 b4 56. Kd3 Ka6 57. f4 Rg2 58. f5 Rf2 59. f6 Kb5
60. f7 Nc4 61. e4 Rd2# 0-1

[Event "4NCL Division Four"]
[Site "Telford, ENG"]
[Date "2023.11.19"]
[Round "2.92"]
[White "Collins, Nigel"]
[Black "Neatherway, A Philip"]
[Result "0-1"]
[WhiteElo "1496"]
[BlackElo "1723"]
[PlyCount "68"]
[EventDate "2023.11.19"]
[WhiteTeam "War and Piece B"]
[BlackTeam "Oxford 3"]

1. c4 e5 2. Nc3 d6 3. g3 f5 4. Bg2 Nf6 5. d3 Be7 6. e4 fxe4 7. dxe4 O-O 8. Nge2
c6 9. O-O Qe8 10. f4 Qh5 11. f5 g6 12. Qd3 gxf5 13. exf5 Na6 14. Qf3 Qxf3 15.
Rxf3 Nc5 16. h3 d5 17. cxd5 cxd5 18. g4 d4 19. Nd1 Bd7 20. Rf1 Bc6 21. Bxc6
bxc6 22. Bg5 Nce4 23. Bxf6 Bxf6 24. Nf2 Nxf2 25. Kxf2 e4 26. Rfd1 Rad8 27. Rac1
d3 28. Rxc6 Bh4+ 29. Ng3 Bxg3+ 30. Kxg3 e3 31. Re6 e2 32. Rd2 Rfe8 33. Kf2 Rxe6
34. fxe6 Rf8+ 0-1

[Event "4NCL Division Four"]
[Site "Telford, ENG"]
[Date "2023.11.19"]
[Round "2.93"]
[White "Beckett, Richard"]
[Black "Charles, Steven"]
[Result "1-0"]
[WhiteElo "1665"]
[BlackElo "1464"]
[PlyCount "77"]
[EventDate "2023.11.19"]
[WhiteTeam "Oxford 3"]
[BlackTeam "War and Piece B"]

1. e4 c6 2. d4 d5 3. exd5 cxd5 4. c4 Nf6 5. c5 Nc6 6. Bb5 Bd7 7. Nc3 a6 8. Bxc6
bxc6 9. Nf3 Bg4 10. O-O Qc7 11. Na4 Nd7 12. Re1 e6 13. b4 Be7 14. Bb2 Bf6 15.
Qd3 Bxf3 16. Qxf3 O-O 17. Rac1 a5 18. bxa5 Rxa5 19. Nc3 Bxd4 20. Nxd5 cxd5 21.
Bxd4 Rxa2 22. c6 Rc8 23. cxd7 Qxd7 24. Qg3 f6 25. Bxf6 Rxc1 26. Rxc1 Ra8 27.
Rc7 Qxc7 28. Qxc7 gxf6 29. h3 Rf8 30. Qe7 e5 31. Qe6+ Rf7 32. Qxd5 Kg7 33. f3
Kg6 34. g4 Kg7 35. Kg2 Kg6 36. Kg3 Rf8 37. h4 h6 38. h5+ Kg7 39. Qe4 1-0

[Event "4NCL Division Four"]
[Site "Telford, ENG"]
[Date "2023.11.19"]
[Round "2.94"]
[White "Searle, Tristan"]
[Black "Curran, David P"]
[Result "1/2-1/2"]
[WhiteElo "1417"]
[BlackElo "1678"]
[PlyCount "96"]
[EventDate "2023.11.19"]
[WhiteTeam "War and Piece B"]
[BlackTeam "Oxford 3"]

1. e4 c5 2. Nf3 Nc6 3. Bc4 e6 4. Nc3 a6 5. a4 Nge7 6. O-O g6 7. d3 Bg7 8. Be3
d6 9. Qd2 O-O 10. Bh6 d5 11. Bxg7 Kxg7 12. Ba2 Nb4 13. exd5 Nxa2 14. Rxa2 exd5
15. Ne2 Qd6 16. h3 Qf6 17. Ng3 Nc6 18. b3 b6 19. Rfa1 Bxh3 20. gxh3 Qxf3 21.
Re1 Rfe8 22. Re3 Rxe3 23. Qxe3 Qxe3 24. fxe3 Re8 25. e4 d4 26. Ra1 h5 27. h4
Re6 28. Kg2 Rf6 29. Kh3 Ne5 30. Ne2 Rf2 31. Ng1 Rf4 32. Ne2 Rg4 33. Rf1 g5 34.
hxg5 Rxg5 35. Nf4 Kh6 36. Nd5 b5 37. a5 c4 38. Nc7 Rg6 39. dxc4 bxc4 40. bxc4
Nxc4 41. Rxf7 Rg7 42. Rf6+ Rg6 43. Rxa6 Rxa6 44. Nxa6 Nxa5 45. e5 Kg5 46. e6
Nc6 47. Nc7 Kf6 48. Kh4 Nb4 1/2-1/2

[Event "4NCL Division Four"]
[Site "Telford, ENG"]
[Date "2023.11.19"]
[Round "2.95"]
[White "Kocan, Barry A"]
[Black "Parsons, Ben D"]
[Result "1-0"]
[WhiteElo "1538"]
[BlackElo "1407"]
[PlyCount "69"]
[EventDate "2023.11.19"]
[WhiteTeam "Oxford 3"]
[BlackTeam "War and Piece B"]

1. e4 e5 2. Nf3 Nc6 3. Bb5 d6 4. c3 Bd7 5. O-O Nf6 6. Re1 h6 7. d4 exd4 8. cxd4
Be7 9. Nc3 O-O 10. Be3 a6 11. Ba4 Bg4 12. Rc1 b5 13. Bc2 Rb8 14. Bd3 Qd7 15.
Ne2 Bxf3 16. gxf3 Nb4 17. Bb1 a5 18. Kh1 Rfd8 19. Rg1 Kf8 20. Ng3 Nh7 21. f4
Na6 22. Nf5 Bf6 23. Qh5 c5 24. Nxh6 g6 25. Qd1 Re8 26. dxc5 Bxb2 27. Rc2 Ba3
28. cxd6 Nf6 29. e5 Ne4 30. Qd3 Qb7 31. Rg2 Bc5 32. Re2 Nb4 33. Qxe4 Qxe4 34.
Bxe4 Bxe3 35. fxe3 1-0

[Event "4NCL Division Four"]
[Site "Telford, ENG"]
[Date "2023.11.19"]
[Round "2.96"]
[White "Bradley, Eric"]
[Black "Rumsby, Stephen"]
[Result "0-1"]
[WhiteElo "1305"]
[BlackElo "1564"]
[PlyCount "74"]
[EventDate "2023.11.19"]
[WhiteTeam "War and Piece B"]
[BlackTeam "Oxford 3"]

1. b3 e5 2. Bb2 Nc6 3. e4 Nf6 4. Nc3 Bc5 5. Bb5 d6 6. Nf3 Bd7 7. h3 a6 8. Bxc6
Bxc6 9. d3 O-O 10. Qd2 b5 11. O-O-O Nd7 12. g4 Nb6 13. h4 Qf6 14. Rh3 b4 15. g5
Qe6 16. Rdh1 bxc3 17. Bxc3 Ba3+ 18. Kd1 Bd7 19. h5 Nc8 20. g6 h6 21. Ng5 Qf6
22. Nh7 Qe7 23. Rg3 Rd8 24. f4 f6 25. f5 Bc6 26. Bb4 Bxb4 27. Qxb4 a5 28. Qc4+
d5 29. Qxc6 Nb6 30. Ke2 Rd6 31. Qc5 dxe4 32. Rd1 Qd7 33. c4 Rc6 34. Qb5 Rd8 35.
dxe4 Qxd1+ 36. Kf2 Rd2+ 37. Ke3 Qe2# 0-1

[Event "4NCL Division Four"]
[Site "Telford, ENG"]
[Date "2023.11.19"]
[Round "2.101"]
[White "Keen, Maya"]
[Black "McElvenny, Damien"]
[Result "1/2-1/2"]
[WhiteElo "1471"]
[BlackElo "1792"]
[PlyCount "85"]
[EventDate "2023.11.19"]
[WhiteTeam "She Plays To Win Young Stars B"]
[BlackTeam "Apprentice Woodpushers"]

1. d4 d5 2. c4 e6 3. Nf3 Nf6 4. Bg5 Be7 5. Bxf6 Bxf6 6. e3 O-O 7. Nc3 c6 8. Bd3
dxc4 9. Bxc4 Nd7 10. O-O Qe7 11. Qc2 Nb6 12. Ne4 Nxc4 13. Nxf6+ Qxf6 14. Qxc4
Rd8 15. a4 h5 16. b4 g5 17. Ne5 Qg7 18. b5 f6 19. Nd3 cxb5 20. axb5 h4 21. e4
Qd7 22. Ra4 b6 23. f4 Bb7 24. fxg5 fxg5 25. Ne5 Qc8 26. Rf7 Qxc4 27. Rxc4 Bxe4
28. Rcc7 Rxd4 29. Rg7+ Kh8 30. Rxg5 Rf8 31. Nf7+ Kh7 32. Rg4 Rd1+ 33. Kf2 Bg6
34. Rxh4+ Kg7 35. Ke2 Rd5 36. Nh6+ Kf6 37. Rf4+ Bf5 38. Nxf5 exf5 39. Rb4 Rf7
40. Rxf7+ Kxf7 41. Kf3 Kg6 42. Kf4 Rd2 43. Kf3 1/2-1/2

[Event "4NCL Division Four"]
[Site "Telford, ENG"]
[Date "2023.11.19"]
[Round "2.102"]
[White "Rughani, Mahin"]
[Black "Roychowdhury, Aashita"]
[Result "1-0"]
[WhiteElo "1737"]
[BlackElo "1361"]
[PlyCount "151"]
[EventDate "2023.11.19"]
[WhiteTeam "Apprentice Woodpushers"]
[BlackTeam "She Plays To Win Young Stars B"]

1. d4 d5 2. Bf4 Nf6 3. e3 Bf5 4. Bd3 Bg6 5. Nf3 e6 6. c3 Bd6 7. Bg3 c6 8. Qc2
Qc7 9. Nbd2 Nbd7 10. e4 dxe4 11. Nxe4 Bxe4 12. Bxe4 Nxe4 13. Qxe4 Nf6 14. Qe2
h6 15. Ne5 a6 16. O-O O-O 17. Rae1 Nd7 18. f4 c5 19. Rc1 Nxe5 20. dxe5 Be7 21.
f5 Bg5 22. Rcd1 Qe7 23. f6 Qe8 24. h4 gxf6 25. exf6 Qb5 26. Qg4 c4 27. hxg5
Qxg5 28. Qxg5+ hxg5 29. Rd4 Rfc8 30. Rfd1 Rc5 31. Bd6 Rf5 32. Be7 b5 33. g4 Rf4
34. Rxf4 gxf4 35. Kg2 Kh7 36. Kf3 Kg6 37. Kxf4 Rh8 38. Kf3 Kg5 39. Re1 Rb8 40.
Rxe6 fxe6 41. f7+ Kg6 42. f8=Q Rxf8+ 43. Bxf8 Kg5 44. Bg7 Kg6 45. Be5 a5 46.
Kf4 a4 47. a3 Kh6 48. g5+ Kh5 49. Bf6 Kg6 50. Ke5 Kf7 51. Kd6 e5 52. Bxe5 Kg6
53. Kc5 Kxg5 54. Kxb5 Kf5 55. Kxc4 Kxe5 56. Kb5 Kd6 57. Kxa4 Kc6 58. b4 Kb6 59.
b5 Kb7 60. c4 Kb6 61. Kb4 Kb7 62. c5 Kc7 63. b6+ Kc6 64. a4 Kb7 65. a5 Ka6 66.
Ka4 Kb7 67. Kb5 Kb8 68. a6 Ka8 69. b7+ Kb8 70. c6 Ka7 71. Kc5 Kb8 72. Kd6 Ka7
73. c7 Kxa6 74. b8=Q Ka5 75. Kc5 Ka4 76. Qb4# 1-0

[Event "4NCL Division Four"]
[Site "Telford, ENG"]
[Date "2023.11.19"]
[Round "2.103"]
[White "Sengupta, Sohana"]
[Black "Parker, Ethan"]
[Result "0-1"]
[WhiteElo "1241"]
[BlackElo "1583"]
[PlyCount "130"]
[EventDate "2023.11.19"]
[WhiteTeam "She Plays To Win Young Stars B"]
[BlackTeam "Apprentice Woodpushers"]

1. e4 e6 2. d4 d5 3. e5 c5 4. c3 Nc6 5. Nf3 Qb6 6. a3 Nh6 7. Bd3 cxd4 8. cxd4
Nf5 9. Bxf5 exf5 10. O-O Be7 11. Nc3 Be6 12. b4 O-O 13. Bb2 Rac8 14. Qd3 Na5
15. Nd2 Rfd8 16. Rac1 Nc4 17. Na4 Qa6 18. Nxc4 dxc4 19. Qd1 b6 20. Nc3 Qb7 21.
Qd2 f6 22. f4 fxe5 23. fxe5 h6 24. Rcd1 Bg5 25. Qe2 b5 26. Rfe1 Qb6 27. Qf2 Qc6
28. Qe2 Rc7 29. Qf3 Qxf3 30. gxf3 Bd5 31. Kg2 a6 32. Re2 Be6 33. d5 Rcd7 34. d6
Bf4 35. Nd5 Bxd5 36. Rxd5 Re8 37. Rc5 Rxd6 38. Bc3 Rd3 39. Rc2 Re3 40. Bd4 Rxa3
41. Bc3 Rb3 42. Rd5 Kf7 43. Rc5 Re7 44. Rd5 Rb1 45. Re2 Bg5 46. Rb2 Rc1 47. Bd4
Rd1 48. Kf2 Rd2+ 49. Rxd2 Bxd2 50. Bc5 c3 51. Ke2 Re6 52. Kd1 Bf4 53. Bd4 Rc6
54. Bc5 Ke6 55. Rd3 Bxe5 56. Re3 Kf6 57. h3 a5 58. Kc2 axb4 59. Bxb4 Rc4 60.
Ba3 b4 61. Bc1 Bf4 62. Re1 Bxc1 63. Rxc1 Ke5 64. Rd1 Rd4 65. Rc1 Kf4 0-1

[Event "4NCL Division Four"]
[Site "Telford, ENG"]
[Date "2023.11.19"]
[Round "2.104"]
[White "Wilson, Jeff"]
[Black "Scott, Jane"]
[Result "0-1"]
[WhiteElo "1493"]
[BlackElo "1244"]
[PlyCount "79"]
[EventDate "2023.11.19"]
[WhiteTeam "Apprentice Woodpushers"]
[BlackTeam "She Plays To Win Young Stars B"]

1. e4 e5 2. Nf3 Nc6 3. Bb5 a6 4. Ba4 b5 5. Bb3 Nf6 6. d3 Bc5 7. O-O O-O 8. Bg5
d6 9. h3 Be6 10. Bxe6 fxe6 11. c3 h6 12. Bh4 g5 13. Bg3 Bb6 14. Nbd2 Nh5 15.
Bh2 Nf4 16. Bxf4 exf4 17. d4 e5 18. Qb3+ Kg7 19. a4 exd4 20. axb5 axb5 21. cxd4
Nxd4 22. Nxd4 Bxd4 23. Rxa8 Qxa8 24. Qc2 c5 25. Nb3 Be5 26. f3 Qa4 27. Ra1 Qc4
28. Qxc4 bxc4 29. Ra7+ Rf7 30. Rxf7+ Kxf7 31. Na5 c3 32. bxc3 Bxc3 33. Nc4 Ke6
34. Nb6 Ke5 35. Kf1 Kd4 36. Ke2 Ba5 37. Nd5 c4 38. Kd1 Kd3 39. Nf6 c3 40. e5
0-1

[Event "4NCL Division Four"]
[Site "Telford, ENG"]
[Date "2023.11.19"]
[Round "2.105"]
[White "Tager, Maya"]
[Black "Eccleston, Rowan"]
[Result "0-1"]
[WhiteElo "1307"]
[BlackElo "1274"]
[PlyCount "92"]
[EventDate "2023.11.19"]
[WhiteTeam "She Plays To Win Young Stars B"]
[BlackTeam "Apprentice Woodpushers"]

1. e4 Nc6 2. d3 d5 3. Nd2 Nf6 4. Be2 e5 5. exd5 Qxd5 6. Ngf3 Bf5 7. O-O O-O-O
8. c4 Qe6 9. Qb3 Qe7 10. Ng5 Nd4 11. Qa4 Nxe2+ 12. Kh1 a6 13. Nde4 Nxe4 14.
dxe4 Nxc1 15. exf5 Qxg5 16. Raxc1 Qxf5 17. c5 c6 18. Rc3 Qd7 19. h3 Qd4 20. Qa5
Kd7 21. Rc2 Ke8 22. Re1 f6 23. Qb6 Qd7 24. f4 Be7 25. fxe5 fxe5 26. Rf1 Rf8 27.
Re1 g6 28. Qb3 Qc7 29. Qe6 Qd7 30. Qxe5 Kf7 31. Rf1+ Kg8 32. Re1 Rde8 33. Qe3
Bh4 34. Qb3+ Qf7 35. Rxe8 Rxe8 36. Qd3 Re1+ 37. Kh2 Qf4+ 38. g3 Qe5 39. Qb3+
Kg7 40. Qxb7+ Kh6 41. Qb3 Re2+ 42. Rxe2 Qxe2+ 43. Kg1 Qe1+ 44. Kg2 Qe2+ 45. Kg1
Bg5 46. h4 Be3+ 0-1

[Event "4NCL Division Four"]
[Site "Telford, ENG"]
[Date "2023.11.19"]
[Round "2.106"]
[White "Kilmartin, David"]
[Black "Eccleston, Bryony"]
[Result "0-1"]
[WhiteElo "1229"]
[BlackElo "1181"]
[PlyCount "60"]
[EventDate "2023.11.19"]
[WhiteTeam "Apprentice Woodpushers"]
[BlackTeam "She Plays To Win Young Stars B"]

1. d4 Nf6 2. Bg5 Ne4 3. h4 Nxg5 4. hxg5 d5 5. e3 a6 6. Bd3 e5 7. g6 Be6 8.
gxf7+ Bxf7 9. dxe5 Qg5 10. Qf3 Bb4+ 11. c3 Qxe5 12. Qg4 Nc6 13. Nf3 Qf6 14. Qg5
Be7 15. Qxf6 Bxf6 16. Nbd2 h6 17. Nb3 O-O-O 18. O-O-O Ne5 19. Nxe5 Bxe5 20. Bc2
Rhf8 21. Rd2 c6 22. Kb1 b6 23. Nd4 Kb7 24. Nf3 Bc7 25. Ne1 Rd6 26. e4 Rf6 27.
exd5 Bxd5 28. f3 Rd8 29. Nd3 Rdd6 30. Re1 Bc4 0-1

[Event "4NCL Division Four"]
[Site "Telford, ENG"]
[Date "2023.11.19"]
[Round "2.111"]
[White "Martin, Lewis"]
[Black "Lane, Tim A"]
[Result "1-0"]
[WhiteElo "2228"]
[BlackElo "1856"]
[PlyCount "111"]
[EventDate "2023.11.19"]
[WhiteTeam "English Deaf Chess Association"]
[BlackTeam "Ashfield 2"]

1. c4 c5 2. g3 Nc6 3. Bg2 g6 4. Nc3 Bg7 5. Nf3 e5 6. O-O Nge7 7. d3 O-O 8. Nd5
d6 9. e4 h6 10. Be3 Rb8 11. Qd2 Kh7 12. a3 Be6 13. b4 Bxd5 14. cxd5 Nd4 15.
Rab1 Nxf3+ 16. Bxf3 b6 17. Bg2 Qd7 18. f4 f6 19. fxe5 fxe5 20. Rxf8 Rxf8 21.
bxc5 bxc5 22. Qb2 Rf7 23. Qb5 Qxb5 24. Rxb5 Ng8 25. a4 Nf6 26. Bh3 c4 27. Be6
Rc7 28. dxc4 Nxe4 29. a5 Rxc4 30. Bxa7 Ra4 31. Bb6 Nc3 32. Rb2 e4 33. Rf2 Bd4
34. Bxd4 Rxd4 35. a6 Nb5 36. Rf7+ Kh8 37. a7 Nxa7 38. Rxa7 e3 39. Ra1 Kg7 40.
Re1 Rd3 41. Kg2 Rd2+ 42. Kf3 Rxh2 43. Rxe3 Kf6 44. Bd7 Rd2 45. Re6+ Kg5 46.
Rxd6 Rd3+ 47. Kg2 Re3 48. Kf2 Re7 49. Bb5 Rf7+ 50. Kg2 Kf5 51. Re6 Rg7 52. Bd3+
Kg5 53. d6 Rg8 54. Rxg6+ Kh5 55. g4+ Kh4 56. Rxg8 1-0

[Event "4NCL Division Four"]
[Site "Telford, ENG"]
[Date "2023.11.19"]
[Round "2.112"]
[White "Walentowicz, Stefan"]
[Black "David, Barry A H"]
[Result "1-0"]
[WhiteElo "1873"]
[BlackElo "1692"]
[PlyCount "33"]
[EventDate "2023.11.19"]
[WhiteTeam "Ashfield 2"]
[BlackTeam "English Deaf Chess Association"]

1. d4 Nf6 2. Nf3 e6 3. e3 c5 4. c3 d5 5. Bd3 Bd6 6. Nbd2 Nc6 7. O-O O-O 8. Qe2
c4 9. Bc2 b5 10. e4 e5 11. exd5 Nxd5 12. Qe4 Nf6 13. Qxc6 Rb8 14. Ne4 Rb6 15.
Nxf6+ Qxf6 16. Qe4 Bb7 17. Qxh7# 1-0

[Event "4NCL Division Four"]
[Site "Telford, ENG"]
[Date "2023.11.19"]
[Round "2.113"]
[White "Ajimal, Jet"]
[Black "Gunarathne, Senith Thenula"]
[Result "0-1"]
[WhiteElo "1644"]
[BlackElo "1849"]
[PlyCount "70"]
[EventDate "2023.11.19"]
[WhiteTeam "English Deaf Chess Association"]
[BlackTeam "Ashfield 2"]

1. e4 c5 2. Nf3 d6 3. d4 cxd4 4. Nxd4 Nf6 5. Nc3 a6 6. Bg5 e6 7. Qd2 Nc6 8. Be2
Be7 9. O-O-O Qa5 10. Nb3 Qc7 11. Bxf6 gxf6 12. f4 Bd7 13. Qe3 O-O-O 14. Na4 Kb8
15. Qb6 Rhg8 16. Qxc7+ Kxc7 17. g3 b5 18. Nc3 Kb6 19. a3 Bc8 20. Bh5 Rg7 21.
Rhe1 Bb7 22. f5 Ne5 23. fxe6 fxe6 24. Nd4 Bc8 25. Bf3 Rg6 26. Re2 Bd7 27. Bg2
Nc6 28. Nf3 Bf8 29. Nh4 Rg8 30. Nf3 Kc7 31. Kb1 Bh6 32. Nh4 Ne5 33. Rf1 Rdf8
34. Rd1 Be8 35. Bf3 Bg5 0-1

[Event "4NCL Division Four"]
[Site "Telford, ENG"]
[Date "2023.11.19"]
[Round "2.114"]
[White "Radford, Mark Sr"]
[Black "Gibson, Stephen"]
[Result "0-1"]
[WhiteElo "1790"]
[BlackElo "1512"]
[PlyCount "110"]
[EventDate "2023.11.19"]
[WhiteTeam "Ashfield 2"]
[BlackTeam "English Deaf Chess Association"]

1. d4 b5 2. e4 a6 3. Nf3 Bb7 4. Bd3 e6 5. O-O c5 6. c3 Nf6 7. Re1 c4 8. Bc2 d6
9. Bg5 Be7 10. Nbd2 h6 11. Bh4 g5 12. Bg3 Nh5 13. Nf1 g4 14. N3d2 Nxg3 15. fxg3
h5 16. Ne3 Bg5 17. a4 Nd7 18. Qe2 Qf6 19. Rf1 Qg7 20. axb5 axb5 21. Rxa8+ Bxa8
22. Ra1 O-O 23. d5 Nc5 24. Ra7 Qf6 25. Ra1 Qg7 26. Rf1 Qh6 27. Ndxc4 bxc4 28.
Nxc4 e5 29. b4 Nd7 30. Ba4 Nb8 31. b5 Nd7 32. b6 Nxb6 33. Nxb6 Be3+ 34. Kh1
Bxb6 35. Bc6 Bxc6 36. dxc6 Qe3 37. Qxe3 Bxe3 38. Rf5 Rc8 39. Rxh5 Rxc6 40. Rh4
Rxc3 41. Rxg4+ Kf8 42. h4 Rc4 43. h5 Bh6 44. Rh4 f5 45. exf5 Rxh4+ 46. gxh4 Bf4
47. g4 Bg3 48. Kg2 Bxh4 49. Kf3 d5 50. Ke3 Bg5+ 51. Kd3 Ke7 52. Ke2 e4 53. Kf2
d4 54. Ke2 d3+ 55. Kd1 e3 0-1

[Event "4NCL Division Four"]
[Site "Telford, ENG"]
[Date "2023.11.19"]
[Round "2.115"]
[White "Fletcher, Ben J"]
[Black "Bromilow, Edward T"]
[Result "0-1"]
[WhiteElo "1336"]
[BlackElo "1777"]
[PlyCount "97"]
[EventDate "2023.11.19"]
[WhiteTeam "English Deaf Chess Association"]
[BlackTeam "Ashfield 2"]

1. e4 c6 2. d4 d5 3. e5 c5 4. Nf3 Nc6 5. dxc5 Bg4 6. c3 e6 7. Be3 Bxf3 8. Qxf3
Nxe5 9. Bb5+ Nc6 10. Nd2 Nge7 11. b4 a5 12. a3 axb4 13. cxb4 Nf5 14. O-O h5 15.
Rfd1 Be7 16. Ne4 Kf8 17. Bxc6 bxc6 18. Bf4 g5 19. Be5 f6 20. Nxg5 Qc8 21. Nxe6+
Qxe6 22. Bb2 Nh4 23. Qf4 Qg4 24. Qxg4 hxg4 25. Rd2 Rg8 26. Rd3 Kf7 27. g3 Nf3+
28. Kg2 f5 29. b5 cxb5 30. Rxd5 Rg5 31. c6 f4 32. Rxg5 Bxg5 33. Rd1 Ra7 34. Rd5
Rc7 35. Rd7+ Rxd7 36. cxd7 fxg3 37. hxg3 Ke7 38. d8=Q+ Kxd8 39. Kf1 Kd7 40. Ke2
Kd6 41. Bc3 Kd5 42. Kd3 Ne5+ 43. Ke2 Ke4 44. Bxe5 Kxe5 45. f3 gxf3+ 46. Kxf3
Kd4 47. Ke2 Kc3 48. Kd1 Kb2 49. g4 0-1

[Event "4NCL Division Four"]
[Site "Telford, ENG"]
[Date "2023.11.19"]
[Round "2.116"]
[White "Graham, Neil"]
[Black "Simmons, Michael W"]
[Result "1-0"]
[WhiteElo "1789"]
[BlackElo "1207"]
[PlyCount "55"]
[EventDate "2023.11.19"]
[WhiteTeam "Ashfield 2"]
[BlackTeam "English Deaf Chess Association"]

1. d4 Nf6 2. f3 g6 3. e4 d6 4. c4 Bg7 5. Nc3 O-O 6. Be3 Nbd7 7. Qd2 a6 8. Bh6
b6 9. h4 e5 10. d5 Nh5 11. Nge2 Nhf6 12. g4 Bb7 13. h5 Ne8 14. hxg6 fxg6 15.
Bxg7 Nxg7 16. Qh6 Nf6 17. Ng3 Qe7 18. Be2 Nge8 19. O-O-O Qg7 20. Qg5 Kf7 21.
Qh4 Rh8 22. g5 Nd7 23. f4 Kg8 24. Bg4 Qe7 25. Be6+ Kf8 26. fxe5 Nxe5 27. Rdf1+
Nf7 28. Rxf7+ 1-0

[Event "4NCL Division Four"]
[Site "Telford, ENG"]
[Date "2023.11.19"]
[Round "2.47"]
[White "Pink, Joshua"]
[Black "Ivanov, Elizabeth"]
[Result "1-0"]
[WhiteElo "1846"]
[BlackElo "1601"]
[PlyCount "55"]
[EventDate "2023.11.19"]
[WhiteTeam "Coventry"]
[BlackTeam "She Plays To Win Uni"]

1. e4 d5 2. exd5 Nf6 3. d4 Nxd5 4. Nf3 Bf5 5. c4 Nf6 6. Nc3 e6 7. Be2 Bd6 8.
Qb3 Nc6 9. c5 Be7 10. Qxb7 Na5 11. Bb5+ c6 12. Bxc6+ Nxc6 13. Qxc6+ Nd7 14. Ne5
Rc8 15. Qxd7+ Qxd7 16. Nxd7 Kxd7 17. b4 Bf6 18. Be3 Rhd8 19. Ke2 a6 20. a4 Ke8
21. Rhd1 e5 22. d5 Rb8 23. b5 axb5 24. axb5 e4 25. Bd4 Bxd4 26. Rxd4 Bg4+ 27.
Ke3 f5 28. c6 1-0

[Event "4NCL Division Four"]
[Site "Telford, ENG"]
[Date "2023.11.19"]
[Round "2.50"]
[White "Singha, Swati"]
[Black "Manickam, Saravanna Bava"]
[Result "0-1"]
[WhiteElo "1552"]
[BlackElo "1759"]
[PlyCount "86"]
[EventDate "2023.11.19"]
[WhiteTeam "She Plays To Win Uni"]
[BlackTeam "Coventry"]

1. e4 c6 2. d4 d5 3. e5 Bf5 4. g4 Be4 5. f3 Bg6 6. h4 h5 7. g5 e6 8. Bd3 Ne7 9.
Ne2 Nf5 10. Nf4 c5 11. Nxg6 fxg6 12. c3 Nc6 13. Bxf5 gxf5 14. Be3 Qb6 15. Rh2
cxd4 16. cxd4 Bb4+ 17. Nc3 Nxe5 18. Qe2 Ng6 19. Bd2 Kf7 20. Qd3 Rac8 21. Nxd5
Qd6 22. Ne3 Qxh2 23. Bxb4 Qxh4+ 24. Kd1 Qxg5 25. Nc4 Rcd8 26. Ne3 Qg1+ 27. Be1
Nf4 28. Qc3 Rd7 29. Kc2 Qf2+ 30. Bd2 Rhd8 31. d5 Nxd5 32. Nxd5 Rxd5 33. Rd1
Rxd2+ 34. Rxd2 Qxd2+ 35. Qxd2 Rxd2+ 36. Kxd2 g5 37. Ke2 g4 38. f4 h4 39. Kf2
Kf6 40. b4 b5 41. Kg2 e5 42. fxe5+ Kxe5 43. a3 Kd4 0-1